| 000 | 00892nam a22002057a 4500 | ||
|---|---|---|---|
| 999 |
_c19364 _d19364 |
||
| 003 | AR-CdUCM | ||
| 008 | 190517b ||||| |||| 00| 0 spa d | ||
| 040 |
_aMUNICIPALIDAD PROVINCIAL DEL CUSCO _cBIBLIOTECA MUNICIPAL DEL CUSCO |
||
| 082 |
_a330.98 / _bT32 |
||
| 100 |
_aTeichert, Pedro C.M. _940665 |
||
| 245 | _aRevolución económica e industrialización en América Latina / | ||
| 260 |
_aMéxico, D.F : _bFondo de Cultura Económica, _c1961. |
||
| 300 |
_a467 páginas ; _c22 cm. |
||
| 505 | _aContenido: Antecedentes institucionales de la América Latina -- Evolución y revolución en la política económica de la América latina -- Auge del desarrollo latinoamericano y proceso de industrialización... | ||
| 650 |
_aDesarrollo económico _91696 |
||
| 650 |
_aAmérica Latina _91130 |
||
| 650 |
_aCondiciones económicas _91989 |
||
| 942 |
_2ddc _cLIBROS |
||
| 945 |
_adavv _d2019-05-17 |
||